000 00328ntaaa2200145 4500
003 01
005 20251027201112.0
008 0714s1973 ag 01
040 _aAR-BaBN
_bspa
_cAR-BaBN
_eaacr
_dRIC
082 _a205.66
245 _aExpositor Bautista
250 _a1 ed.
500 _aEste es un numero de una revista
942 _cBK
999 _c5230
_d5230